000 00600nam a2200217Ia 4500
003 OSt
005 20220928151853.0
006 a|||||r|||| 00| 0
007 ta
008 220927b |||||||| |||| 00| 0 eng d
024 _a131945
037 _cTextual
040 _aSDCL
_cSDCL
_beng
041 _2eng
_aeng
082 _aX:8:(D6,8(B)), P4
100 _aRiain Seab O
_9518385
245 0 _aPolitics of high-tech growth
_b Developmental network states in the global economy
260 _c2005
942 _hX:8:(D6,8(B)), P4
_cTEXL
_2CC
999 _c853257
_d853257